Statistics for Top 20 Countries by Relative WW1 Death Rate

Click here to take the quiz!

General Stats

  • This quiz has been taken 70 times
  • The average score is 14 of 20

Answer Stats

CountryDeath %Total Deaths% Correct
France4,3%1,697,000
98%
Germany3,4%2,198,420
98%
Russia1,6%2,840,000
98%
Austria-Hungary3,5%1,787,000
94%
United Kingdom1,9%867,829
94%
Italy3,0%1,052,400
89%
Belgium1,7%123,870
85%
Serbia16,7%750,000
83%
Romania7,7%580,000
77%
Bulgaria3,4%187,500
74%
Ottoman Empire13,3%2,825,000
74%
Canada0,8%58,639
73%
Greece3,2%155,000
68%
Australia1,2%59,330
65%
Montenegro0,6%3,000
59%
Portugal1,5%89,235
58%
New Zealand1,5%16,711
56%
Albania8,8%70,000
52%
Newfoundland0,6%1,204
12%
Persia19,0%2,000,000
8%

Score Distribution

Percentile by Number Answered

Percent of People with Each Score

Your Score History

You have not taken this quiz